| 000 | 00429nam a22001697a 4500 | ||
|---|---|---|---|
| 005 | 20180703172245.0 | ||
| 008 | 160524b xxu||||| |||| 00| 0 eng d | ||
| 020 | _a978-0-07-065614-7 | ||
| 041 | _aeng | ||
| 082 |
_b4690 _a658.15 |
||
| 100 |
_aKhan, M. Y & Jain P.K. _94452 |
||
| 245 | _aFinancial Management | ||
| 260 |
_aNew Delhi _bAcademic Faundation _c2008 |
||
| 300 | _a37.25p, | ||
| 650 |
_aManagement _9241 |
||
| 942 | _cBK | ||
| 999 |
_c1583 _d1582 |
||